000 00407nam a22001577a 4500
003 MPLRDC
005 20220104114307.0
008 210129b ||||| |||| 00| 0 eng d
082 _a857.4538 XNL v.1
100 _a喜年来编辑部
245 _a隋唐秘史. 上册
_c
260 _a台湾
_b喜年来出版社
_c1984
300 _b537
650 _a读史类: 历史小说
942 _cBK
_o857.4538 XNL v.1
999 _c6360
_d6350